{"text_format":"3","workbook":"xlsx","n_sheets":1,"sheets":["Протокол ШЭ ВОШ по предмету"],"not_rendered":{"defined_names":1},"read":"whole","date_system":"1900"}

{"sheet":"Протокол ШЭ ВОШ по предмету","index":0,"n_rows":33,"n_cols":15,"rows_kept":33}
["№","Фамилия","Имя","Отчество","Дата рождения","Пол","Участник с ОВЗ (да/нет)","Класс обучения","Класс участия","Балл","Максимальный балл","Статус","Призёр муниципального этапа прошлого года","ФИО учителя","Место работы учителя"]
[1,"Аллун","Ильяс","Фейсалович","2011-12-04","м","нет",5,5,45,53,"победитель","призер","Собина Юлия Владимировна","Лицей - интернат №24"]
[2,"Мухаметшин","Салават","Даниярович","2011-01-31","м","нет",5,5,12,53,"участник","нет","Собина Юлия Владимировна","Лицей - интернат №24"]
[3,"Чепко","Богдан","Николаевич","2011-03-21","м","нет",5,5,15,53,"участник","нет","Собина Юлия Владимировна","Лицей - интернат №24"]
[4,"Мухаметгалиев ","Данис","Ильнарович","2010-03-06","м","нет",6,6,25,53,"участник","нет","Салихов Айдар Рашитович","Лицей - интернат №24"]
[5,"Пермяков","Олег","Андреевич","2010-04-06","м","нет",6,6,36,53,"призер","нет","Салихов Айдар Рашитович","Лицей - интернат №24"]
[6,"Ахунов","Булат","Маратович","2010-04-28","м","нет",6,6,26,53,"участник","нет","Салихов Айдар Рашитович","Лицей - интернат №24"]
[7,"Шандыров","Роман","Витальевич","2009-12-11","м","нет",6,6,28,53,"призер","нет","Салихов Айдар Рашитович","Лицей - интернат №24"]
[8,"Исламов","Камиль","Зиннурович","2010-06-07","м","нет",6,6,22,53,"участник","нет","Собина Юлия Владимировна","Лицей - интернат №24"]
[9,"Сулейманов","Карим","Ильмирович","2010-09-15","м","нет",6,6,35,53,"призер","призер","Салихов Айдар Рашитович","Лицей - интернат №24"]
[10,"Складчиков","Данила","Сергеевич","2009-04-01","м","нет",7,7,50,70,"победитель","победитель","Собина Юлия Владимировна","Лицей - интернат №24"]
[11,"Чернышев","Илья","Александрович","2009-06-14","м","нет",7,7,10,70,"участник","нет","Собина Юлия Владимировна","Лицей - интернат №24"]
[12,"Малыгин","Егор","Евгеньевич","2009-10-03","м","нет",7,7,12,70,"участник","нет","Собина Юлия Владимировна","Лицей - интернат №24"]
[13,"Менебаев","Вахит","Азатович","2008-12-15","м","нет",7,7,14,70,"участник","нет","Собина Юлия Владимировна","Лицей - интернат №24"]
[14,"Анисимов ","Павел","Арсеньевич","2009-04-07","м","нет",7,7,9,70,"участник","нет","Собина Юлия Владимировна","Лицей - интернат №24"]
[15,"Гатауллин","Данияр","Айратович","2009-09-25","м","нет",7,7,10,70,"участник","нет","Собина Юлия Владимировна","Лицей - интернат №24"]
[16,"Сычев ","Дмитрий","Анатольевич","2009-05-05","м","нет",7,7,24,70,"участник","нет","Тазиев Ринат Ильдарович","Лицей - интернат №24"]
[17,"Колесников","Герман","Вадимович","2009-11-16","м","нет",7,7,40,70,"призер","нет","Салихов Айдар Рашитович","Лицей - интернат №24"]
[18,"Портнов","Егор","Евгеньевич","2009-11-08","м","нет",7,7,36,70,"призер","призер","Собина Юлия Владимировна","Лицей - интернат №24"]
[19,"Киямов","Самат","Рустемович","2008-08-26","м","нет",8,8,16,70,"участник","нет","Тазиев Ринат Ильдарович","Лицей - интернат №24"]
[20,"Фатыхов","Камиль","Ленарович","2008-02-25","м","нет",8,8,11,70,"участник","нет","Собина Юлия Владимировна","Лицей - интернат №24"]
[21,"Рустаев ","Самир","Рустамович","2008-09-01","м","нет",8,8,42,70,"призер","нет","Собина Юлия Владимировна","Лицей - интернат №24"]
[22,"Якушев","Глеб","Евгеньевич","2008-11-13","м","нет",8,8,45,70,"призер","нет","Тазиев Ринат Ильдарович","Лицей - интернат №24"]
[23,"Колзин","Матвей","Андреевич","2007-06-25","м","нет",9,9,72,90,"победитель","призер","Собина Юлия Владимировна","Лицей - интернат №24"]
[24,"Хисамеев","Камиль","Марселевич","2007-01-05","м","нет",9,9,53,90,"призер","нет","Собина Юлия Владимировна","Лицей - интернат №24"]
[25,"Шакуров","Айзат","Рифатович","2007-01-26","м","нет",9,9,22,90,"участник","нет","Собина Юлия Владимировна","Лицей - интернат №24"]
[26,"Обманщин","Евгений","Алексеевич","2007-07-16","м","нет",9,9,28,90,"участник","нет","Собина Юлия Владимировна","Лицей - интернат №24"]
[27,"Бадретдинов","Ильнар","Русланович","2007-02-04","м","нет",10,10,75,90,"победитель","призер","Залалтдинов Линар Ринатович","Лицей - интернат №24"]
[28,"Налимов","Вадим","Павлович","2006-10-07","м","нет",10,10,34,90,"участник","нет","Залалтдинов Линар Ринатович","Лицей - интернат №24"]
[29,"Шамсемухаметов","Радмир","Ранасович","2005-06-09","м","нет",11,11,73,90,"победитель","нет","Валиуллин Ильяс Рустемович","Лицей - интернат №24"]
[30,"Пиянзин","Руслан","Дмитриевич","2005-09-03","м","нет",11,11,70,90,"призер","нет","Валиуллин Ильяс Рустемович","Лицей - интернат №26"]
[31,"Догадин","Денис","Александрович","2005-03-16","м","нет",11,11,34,90,"участник","нет","Залалтдинов Линар Ринатович","Лицей - интернат №25"]
[32,"Гильманшин","Юсуф","Рустамович","2006-03-06","м","нет",11,11,25,90,"участник","нет","Валиуллин Ильяс Рустемович","Лицей - интернат №26"]